| 000 | 01027nam a2200241Ia 4500 | ||
|---|---|---|---|
| 003 | OSt | ||
| 005 | 20250711154503.0 | ||
| 008 | 191128t2003 ck a br 000 f spa d | ||
| 020 | _a9789584212375 | ||
| 040 |
_aCO-JMCR _cCO-JMCR |
||
| 041 | _aspa | ||
| 082 |
_aN _bSTIm |
||
| 100 | 1 |
_aStilton, Geronimo, _eautor _98224 |
|
| 245 | 1 | 0 |
_aMi nombre es Stilton, Geronimo Stilton / _cGeronimo Stilton ; traducción de Manuel Manzano |
| 260 |
_aBogotá : _bDestino, _c©2003 |
||
| 300 |
_a117 páginas : _bilustraciones a color ; _c20 cm. |
||
| 490 | 0 | _aDestino infantil [y] juvenil. Camaleón | |
| 520 | _aLa agitada vida de periodista y editor del periódico le lleva a buscar un ayudante que sea capaz de liberarlo de algunas tareas. El apuro y el agobio hacen que contrate a Pinky Pick, una ratoncita adolescente que traerá aire fresco a la redacción. | ||
| 534 | _pIl mio nome e Stilton, Geronimo Stilton | ||
| 650 | 1 | 4 |
_aNovela infantil italiana _98227 |
| 700 |
_aManzano, Manuel, _etraductor _98228 |
||
| 942 |
_2ddc _cBK |
||
| 999 |
_c4532 _d4532 |
||